header

Notes on statistics and data quality for analytical chemists (Record no. 117625)

MARC details
000 -LEADER
fixed length control field 01419nam a2200349 a 4500
100 1# - MAIN ENTRY--AUTHOR NAME
Personal name Thompson, Michael.
245 10 - TITLE STATEMENT
Title Notes on statistics and data quality for analytical chemists
260 ## - PUBLICATION, DISTRIBUTION, ETC. (IMPRINT)
Place of publication London :
Name of publisher Imperial College Press ;
Place of publication Hackensack, N.J. :
Name of publisher Distributed by World Scientific Pub. Co. Pte. Ltd.,
Year of publication 2011.
300 ## - PHYSICAL DESCRIPTION
Number of Pages xiii, 245 p. :
Other physical details ill.
500 ## - GENERAL NOTE
General note Includes index.
505 0# - FORMATTED CONTENTS NOTE
Formatted contents note pt. 1. Statistics -- pt. 2. Data quality in analytical measurement.
650 #0 - SUBJECT ADDED ENTRY--TOPICAL TERM
Topical Term Chemistry, Analytic.
Topical Term Chemometrics.
700 1# - ADDED ENTRY--PERSONAL NAME
Personal name Lowthian, Philip J.
856 40 - ELECTRONIC LOCATION AND ACCESS
Uniform Resource Identifier http://site.ebrary.com/lib/rucke/Doc?id=10479697

No items available.

© 2026 Rongo University
Contact us: librarian | system librarian | Rongo university